000 00470nam a22001577a 4500
003 OSt
005 20151117145230.0
008 151117b xxu||||| |||| 00| 0 eng d
040 _cRUA
082 _aFIS ស៊ិន 1991 B145 Or.1
100 _93800
_aស៊ិន វាសនា
245 _aការចិញ្ចឹម និងភ្ញាស់ត្រិឆ្ពឹន
260 _aPhnom Penh
_bRUA
_c1991
300 _a70p.
_bill.
_c29cm.
942 _2ddc
_cFIS
999 _c3533
_d3533